[Event "World Blitz Championship"]
[Site "St Petersburg RUS"]
[Date "2018.12.29"]
[EventDate "?"]
[Round "1"]
[Result "0-1"]
[White "Vladimir Seliverstov"]
[Black "Jan-Krzysztof Duda"]
[WhiteElo "2512"]
[BlackElo "2694"]
[PlyCount "68"]

1. d4  Nf6  2. c4  b6  3. Nc3  Bb7  4. Qc2  d5
 5. cxd5  Nxd5  6. e4  Nxc3  7. bxc3  e5  8.
dxe5  Nd7  9. e6  fxe6  10. Nf3  h6  11. Bb5 
a6  12. Bc4  Qf6  13. O-O  O-O-O  14. Be3  Bc5 
15. Rfe1  Bxe3  16. Rxe3  Nc5
 17. a4  a5  18. Bb5  e5  19. Nd2  Rhf8  20.
Nc4  Bxe4  21. Qe2  Bd3  22. Qg4+ Kb8  23. Qg3  Bxc4  24. Bxc4  Rd2  25. Rf1 
e4  26. Bb5  g5  27. h3  Qf4  28. Kh2  Kb7  29.
Qxf4  Rxf4  30. Kg3  c6  31. Bc4  Nxa4  32. Rfe1  Nc5 33. Be2  a4  34. Ra1  b5  0-1

[Event "World Blitz Championship"]
[Site "St Petersburg RUS"]
[Date "2018.12.29"]
[EventDate "?"]
[Round "2"]
[Result "1-0"]
[White "Jan-Krzysztof Duda"]
[Black "Pavel Potapov"]
[WhiteElo "2694"]
[BlackElo "2542"]
[PlyCount "102"]

1. d4  f5  2. Nc3  Nf6  3. Bg5  d5  4. e3  e6
 5. Nf3  Be7  6. Bd3  Ne4  7. Bxe7  Qxe7  8.
O-O  O-O  9. Ne2  Nd7  10. c4  c6  11. Qc2 
Kh8  12. a3  a5  13. Rab1  a4  14. Nc3  Nxc3  15.
Qxc3  g5  16. Rbc1  g4  17. Nd2  Nf6  18. Kh1 
Bd7  19. f3  gxf3  20. Nxf3
 Be8  21. cxd5  cxd5  22. Ne5  Qg7  23. Rf3 
Bh5  24. Rf2  Ng4  25. Nxg4
 fxg4  26. Rcf1  Rxf2  27. Rxf2  Rf8  28. Qe1 
Kg8  29. Kg1  Rxf2  30. Qxf2
 Bg6  31. Bb5  Qc7  32. Qd2  g3  33. hxg3 
Qxg3  34. Bxa4  Be4  35. Bd1
 Qg5  36. Qf2  h5  37. a4  h4  38. Kh2  e5
 39. b4  exd4  40. exd4  Kg7  41. a5  Qc1  42.
Bg4  Qc7+  43. Kh3  Bg6  44. Qe3  Qd6  45. Qe5+ 
Qxe5  46. dxe5  d4  47. Kxh4
 Bc2  48. Kg3  d3  49. Bf5  Kf7  50. Kf2 
Ke7  51. Ke3  1-0

[Event "World Blitz Championship"]
[Site "St Petersburg RUS"]
[Date "2018.12.29"]
[EventDate "?"]
[Round "3"]
[Result "0-1"]
[White "Boris Grachev"]
[Black "Jan-Krzysztof Duda"]
[WhiteElo "2571"]
[BlackElo "2694"]
[PlyCount "113"]

1. d4 Nf6 2. Nf3 b6 3. Bf4 Bb7 4. e3 e6 5. c4 Bb4+ 6. Nfd2 O-O
7. a3 Be7 8. Nc3 c5 9. d5 d6 10. e4 Nbd7 11. Be2 Ne8 12. O-O
Bf6 13. Bg3 Bxc3 14. bxc3 e5 15. a4 a5 16. Nb1 Bc8 17. Na3 Nc7
18. Rb1 Rb8 19. Bd3 Qe8 20. Rb2 f6 21. f3 Rf7 22. Bf2 Nf8
23. Be3 Bd7 24. Nb5 Nxb5 25. cxb5 g5 26. g3 Ng6 27. Rbf2 Bh3
28. Re1 Qd7 29. Bf1 Bxf1 30. Rfxf1 Rg7 31. Kh1 Kf7 32. Qd2 Ke7
33. f4 gxf4 34. gxf4 Qh3 35. Rg1 Rbg8 36. Rg3 Qh5 37. Reg1 Kf7
38. Qg2 exf4 39. Bxf4 Ke7 40. Rh3 Nh4 41. Qxg7+ Rxg7 42. Rxg7+
Ke8 43. Rg1 Qe2 44. Rxh4 Qxe4+ 45. Rg2 Qe1+ 46. Rg1 Qxh4
47. Rf1 Kd7 48. Bg3 Qxa4 49. Rxf6 Qd1+ 50. Kg2 Qxd5+ 51. Kh3
a4 52. c4 Qd3 53. Rf7+ Ke6 54. Ra7 Qf1+ 55. Kg4 Qxc4+ 56. Kg5
Qxb5 57. Rxh7 0-1

[Event "World Blitz Championship"]
[Site "St Petersburg RUS"]
[Date "2018.12.29"]
[EventDate "?"]
[Round "4"]
[Result "1/2-1/2"]
[White "Jan-Krzysztof Duda"]
[Black "Dmitry Andreikin"]
[WhiteElo "2694"]
[BlackElo "2777"]
[PlyCount "97"]

1. d4 g6 2. e4 Bg7 3. Nf3 d6 4. Bd3 e5 5. dxe5 dxe5 6. O-O Nc6
7. Nc3 Nge7 8. h3 O-O 9. b3 h6 10. Ba3 Be6 11. Bb5 Nd4
12. Nxd4 exd4 13. Ne2 c6 14. Bd3 Qc7 15. f4 f5 16. Bxe7 Qxe7
17. e5 c5 18. a4 Rad8 19. Kh2 g5 20. g3 Kh8 21. Bc4 Bc8
22. Nc1 b6 23. Nd3 Bb7 24. a5 Be4 25. axb6 axb6 26. Qh5 Qe8
27. Qxe8 Rfxe8 28. Ra7 Ra8 29. Rfa1 Rxa7 30. Rxa7 Ra8
31. Rxa8+ Bxa8 32. b4 Bf8 33. b5 Be4 34. Kg1 Kg7 35. Kf2 Be7
36. Bb3 h5 37. Nb2 h4 38. Nc4 hxg3+ 39. Kxg3 gxf4+ 40. Kxf4
Kh6 41. Nd6 Bg5+ 42. Kg3 f4+ 43. Kg4 Bg6 44. h4 Bh5+ 45. Kf5
Bg6+ 46. Kg4 Bh5+ 47. Kf5 Bg6+ 48. Kg4 Bh5+ 49. Kf5 1/2-1/2

[Event "World Blitz Championship"]
[Site "St Petersburg RUS"]
[Date "2018.12.29"]
[EventDate "?"]
[Round "5"]
[Result "1-0"]
[White "Peter Svidler"]
[Black "Jan-Krzysztof Duda"]
[WhiteElo "2770"]
[BlackElo "2694"]
[PlyCount "89"]

1. Nf3 Nf6 2. c4 e6 3. e3 d5 4. b3 Be7 5. Bb2 dxc4 6. bxc4 c5
7. d4 O-O 8. Bd3 b6 9. O-O Bb7 10. Nc3 cxd4 11. exd4 Nc6
12. Qe2 Nb4 13. Bb1 Bxf3 14. gxf3 Rc8 15. Rd1 Re8 16. Kh1 Bf8
17. a3 Nc6 18. Ne4 Nxe4 19. fxe4 g6 20. d5 exd5 21. cxd5 Ne5
22. f4 Nc4 23. Bc1 Qh4 24. Bd3 Nd6 25. e5 Bh6 26. Qf3 Rxc1
27. Raxc1 Bxf4 28. Rc2 Rxe5 29. Rf1 g5 30. Re2 Kg7 31. Rff2
Rxe2 32. Rxe2 h5 33. a4 a5 34. Qf2 Qxf2 35. Rxf2 Kf6 36. Re2
g4 37. Kg2 Kg5 38. Re7 f5 39. Rg7+ Kf6 40. Rh7 Kg6 41. Rd7 h4
42. h3 g3 43. Kf3 Be5 44. Re7 Kf6 45. Re6+ 1-0

[Event "World Blitz Championship"]
[Site "St Petersburg RUS"]
[Date "2018.12.29"]
[EventDate "?"]
[Round "6"]
[Result "1-0"]
[White "Jan-Krzysztof Duda"]
[Black "Shamsiddin Vokhidov"]
[WhiteElo "2694"]
[BlackElo "2414"]
[PlyCount "63"]

1. d4 d5 2. Bf4 Nf6 3. e3 c5 4. c3 Nc6 5. Nd2 Bf5 6. Ngf3 e6
7. Nh4 Be4 8. Qb3 Qd7 9. Nhf3 c4 10. Qd1 Bd6 11. Nxe4 Nxe4
12. Bxd6 Qxd6 13. Nd2 Nxd2 14. Qxd2 O-O 15. Be2 b5 16. O-O b4
17. b3 cxb3 18. axb3 bxc3 19. Qxc3 Nb4 20. Rfc1 g6 21. Ra5
Rfb8 22. g3 Kf8 23. Rca1 Rc8 24. Rc5 Qb8 25. Rxc8+ Qxc8
26. Qxb4+ Kg7 27. Qc5 Qb7 28. b4 a6 29. Qa5 Qc6 30. b5 Qc2
31. Bf1 Qb2 32. bxa6 1-0

[Event "World Blitz Championship"]
[Site "St Petersburg RUS"]
[Date "2018.12.29"]
[EventDate "?"]
[Round "8"]
[Result "1/2-1/2"]
[White "Jan-Krzysztof Duda"]
[Black "Alexander Riazantsev"]
[WhiteElo "2694"]
[BlackElo "2633"]
[PlyCount "141"]

1. e4 e6 2. d4 d5 3. Nc3 Bb4 4. e5 c5 5. a3 Bxc3+ 6. bxc3 Ne7
7. Qg4 O-O 8. Bd3 f5 9. exf6 Rxf6 10. Bg5 Rf7 11. Qh5 g6
12. Qd1 Qa5 13. Bd2 e5 14. dxe5 Nbc6 15. f4 c4 16. Be2 Qc5
17. Nf3 Bf5 18. Qc1 d4 19. cxd4 Nxd4 20. Nxd4 Qxd4 21. Be3
Qc3+ 22. Bd2 Qd4 23. Be3 Qc3+ 24. Kf2 Be6 25. Bf3 Rd8 26. Rd1
Rxd1 27. Qxd1 Nf5 28. Bxa7 Rd7 29. Qe1 Qxc2+ 30. Kg1 Nd4
31. Bxd4 Rxd4 32. Qh4 Qc3 33. Rb1 Qe3+ 34. Kh1 Rxf4 35. Qd8+
Rf8 36. Qd6 Re8 37. Bd5 Bxd5 38. Qxd5+ Kh8 39. Qxc4 Qxe5
40. h3 Re7 41. a4 Kg7 42. Rf1 h5 43. Qc8 Kh7 44. Qf8 Qg7
45. Qf3 Qe5 46. Qb3 Kg7 47. Qf3 Kh7 48. Qf8 Qg7 49. Qd8 Rd7
50. Qc8 Rf7 51. Rb1 Re7 52. a5 Qf7 53. Qc5 Rd7 54. Re1 Qg7
55. Qb5 Qf7 56. Rf1 Qe7 57. Qb3 Qg7 58. Qe6 Re7 59. Qc8 Rc7
60. Qb8 Rf7 61. Rb1 Re7 62. Qa7 Qf7 63. Rc1 Rd7 64. Qb6 Re7
65. Qb5 Qf4 66. Rf1 Qd4 67. Qb3 Qg7 68. Qb4 Rd7 69. Qc5 Rc7
70. Qa7 Rd7 71. Qb6 1/2-1/2

[Event "World Blitz Championship"]
[Site "St Petersburg RUS"]
[Date "2018.12.29"]
[EventDate "?"]
[Round "9"]
[Result "0-1"]
[White "Mikhail Demidov"]
[Black "Jan-Krzysztof Duda"]
[WhiteElo "2546"]
[BlackElo "2694"]
[PlyCount "72"]

1. d4 Nf6 2. Bg5 e6 3. e4 h6 4. Bxf6 Qxf6 5. c3 g6 6. Bd3 Bg7
7. Ne2 d6 8. O-O e5 9. f4 exd4 10. cxd4 Bg4 11. Nbc3 Qxd4+
12. Kh1 Bxe2 13. Qxe2 c6 14. e5 O-O 15. Rad1 Qb6 16. e6 Qc7
17. f5 Bxc3 18. exf7+ Rxf7 19. fxg6 Re7 20. Bc4+ d5 21. Qf3
Bg7 22. Rxd5 Kh8 23. Rf5 Nd7 24. Bb3 Qd6 25. h3 Qxg6 26. Bc2
Qe6 27. Qd3 Qe3 28. Rf8+ Bxf8 29. Qg6 Qg5 30. Qd3 Ne5 31. Qe4
Qg7 32. a4 Rd8 33. Kh2 Rd2 34. Bb1 Ng4+ 35. Qxg4 Qxg4 36. hxg4
Bg7 0-1

[Event "World Blitz Championship"]
[Site "St Petersburg RUS"]
[Date "2018.12.29"]
[EventDate "?"]
[Round "10"]
[Result "1-0"]
[White "Jan-Krzysztof Duda"]
[Black "Grigoriy Oparin"]
[WhiteElo "2694"]
[BlackElo "2641"]
[PlyCount "51"]

1. Nf3 Nf6 2. c4 e6 3. Nc3 c5 4. g3 b6 5. Bg2 Bb7 6. O-O Be7
7. Re1 Ne4 8. d4 Nxc3 9. bxc3 d6 10. e4 O-O 11. d5 e5 12. a4
Nd7 13. Qd3 Ba6 14. Rf1 Bf6 15. Ne1 g6 16. Bh6 Bg7 17. Bxg7
Kxg7 18. Nc2 Qe7 19. f4 exf4 20. gxf4 Rae8 21. Rae1 Qh4
22. Re3 Nf6 23. Rh3 Qg4 24. Rg3 Qh4 25. Ne3 Nh5 26. Nf5+ 1-0

[Event "World Blitz Championship"]
[Site "St Petersburg RUS"]
[Date "2018.12.29"]
[EventDate "?"]
[Round "11"]
[Result "0-1"]
[White "Maxim Matlakov"]
[Black "Jan-Krzysztof Duda"]
[WhiteElo "2653"]
[BlackElo "2694"]
[PlyCount "80"]

1. c4 e6 2. g3 d5 3. Bg2 Nf6 4. Nf3 dxc4 5. Qa4+ Nbd7 6. Qxc4
a6 7. Qc2 c5 8. O-O b6 9. d4 Bb7 10. Nc3 cxd4 11. Nxd4 Bxg2
12. Kxg2 Bc5 13. Rd1 Qc8 14. e4 O-O 15. Qe2 Qb7 16. f3 Ne5
17. Bf4 Ng6 18. Be3 Rfd8 19. Nc2 Bxe3 20. Qxe3 Ne5 21. Rd4
Rxd4 22. Qxd4 Nc6 23. Qf2 Rd8 24. Rd1 Rxd1 25. Nxd1 h6 26. Nc3
b5 27. Qc5 Qd7 28. Qe3 b4 29. Ne2 Qd1 30. Ncd4 Nxd4 31. Nxd4
g5 32. Nb3 g4 33. fxg4 Qc2+ 34. Kf3 Qxh2 35. Qd4 Qh1+ 36. Kf4
Qf1+ 37. Ke5 Ne8 38. Qd8 Kf8 39. Nc5 f6+ 40. Kxe6 Qc4+ 0-1

[Event "World Blitz Championship"]
[Site "St Petersburg RUS"]
[Date "2018.12.30"]
[EventDate "2018.12.29"]
[Round "13.3"]
[Result "0-1"]
[White "Ian Nepomniachtchi"]
[Black "Jan-Krzysztof Duda"]
[WhiteElo "2763"]
[BlackElo "2738"]
[PlyCount "118"]

1. e4 c5 2. Nf3 d6 3. d4 cxd4 4. Nxd4 Nf6 5. Nc3 e6 6. g4 h6 7. h4 Nc6 8. Rg1 d5
9. exd5 Nxd5 10. Nxd5 exd5 11. Be3 Qxh4 12. Qf3 Nxd4 13. Bxd4 Qe7+ 14. Be2 Qe4
15. Qc3 Be6 16. f3 Qf4 17. Bb5+ Bd7 18. Bxd7+ Kxd7 19. Qd3 Re8+ 20. Kf1 a6 21.
Bf2 Qc4 22. Rd1 Kc6 23. Kg2 Re2 24. Rge1 Rxc2 25. Kg1 Qxd3 26. Rxd3 Bd6 27. Red1
Rd8 28. a4 Be5 29. b4 f6 30. b5+ axb5 31. axb5+ Kxb5 32. Rb1+ Kc6 33. Rdb3 d4
34. Rb6+ Kd5 35. R1b5+ Kc4 36. Rb4+ Kd3 37. Rxb7 Ra8 38. Rb3+ Ke2 39. Kg2 d3 40.
R7b4 d2 41. Re4+ Kd1 42. f4 Rb2 43. Rd3 Kc2 44. Rxd2+ Kxd2 45. fxe5 fxe5 46.
Rxe5 Kd3 47. Kg3 Rb7 48. Rd5+ Ke4 49. Rd4+ Ke5 50. Rd3 Rab8 51. Re3+ Kf6 52.
Rf3+ Kg6 53. Rf5 Rb3+ 54. Kh4 R8b5 55. Rf4 R5b4 56. Rf5 Rb5 57. Rf4 R3b4 58. Rf3
h5 59. Rg3 Rg5 0-1

[Event "World Blitz Championship"]
[Site "St Petersburg RUS"]
[Date "2018.12.30"]
[EventDate "2018.12.29"]
[Round "14.2"]
[Result "0-1"]
[White "Vladislav Artemiev"]
[Black "Jan-Krzysztof Duda"]
[WhiteElo "2709"]
[BlackElo "2738"]
[PlyCount "124"]

1. Nf3 d5 2. g3 g6 3. Bg2 Bg7 4. d4 Nf6 5. O-O O-O 6. c3 c6 7. Nbd2 Bf5 8. Nh4
Be6 9. f4 Na6 10. f5 Bd7 11. e4 dxe4 12. Nxe4 Nxe4 13. Bxe4 Qb6 14. Qb3 Bf6 15.
Bh6 Qxb3 16. axb3 Rfe8 17. Ng2 Nc7 18. Ne3 Nb5 19. g4 Nd6 20. Bd3 Bg7 21. Bf4 a6
22. Rae1 Rad8 23. b4 Bc8 24. h4 e5 25. dxe5 Bxe5 26. Bg5 f6 27. Bf4 Bxf4 28.
Rxf4 gxf5 29. gxf5 Re5 30. Kf2 Kf8 31. Rg1 Ne8 32. Bc4 Rd2+ 33. Kf3 b5 34. Rg8+
Ke7 35. Be6 Bb7 36. Ng4 c5+ 37. Kg3 Rg2+ 38. Kh3 Re1 39. Nf2 Re3+ 40. Rf3 Bxf3
41. Rxg2 Bxg2+ 42. Kxg2 cxb4 43. cxb4 Re2 44. Kf3 Rxb2 45. Nd3 Rb1 46. h5 Ng7
47. Bc8 Nxh5 48. Bxa6 Ng7 49. Ke4 Ne8 50. Kd4 Nd6 51. Kc5 h5 52. Nf4 Rc1+ 53.
Kb6 Rc4 54. Nxh5 Rxb4 55. Ng7 Rg4 56. Ne6 b4 57. Nc7 b3 58. Nd5+ Kf7 59. Kc5 b2
60. Bd3 Nc4 61. Nc3 Nd2 62. Bc2 Rc4+ 0-1

[Event "World Blitz Championship"]
[Site "St Petersburg RUS"]
[Date "2018.12.30"]
[EventDate "2018.12.29"]
[Round "15.2"]
[Result "1-0"]
[White "Jan-Krzysztof Duda"]
[Black "Levon Aronian"]
[WhiteElo "2738"]
[BlackElo "2765"]
[PlyCount "52"]

1. Nf3 d5 2. c4 e6 3. e3 Nf6 4. Nc3 Be7 5. b3 c5 6. cxd5 exd5 7. Bb2 Nc6 8. d4
Bg4 9. Be2 Bxf3 10. Bxf3 cxd4 11. exd4 O-O 12. O-O Qd7 13. a3 Bd8 14. Na4 Qf5
15. Re1 Bb6 16. b4 Rfe8 17. Nc5 Rxe1+ 18. Qxe1 Re8 19. Qb1 Qf4 20. Qd3 h6 21. g3
Qc7 22. Rc1 Qe7 23. Kg2 Nd8 24. Rc2 Ne6 25. Re2 Nxc5 26. dxc5 1-0

[Event "World Blitz Championship"]
[Site "St Petersburg RUS"]
[Date "2018.12.30"]
[EventDate "2018.12.29"]
[Round "17.2"]
[Result "1/2-1/2"]
[White "Sergey Karjakin"]
[Black "Jan-Krzysztof Duda"]
[WhiteElo "2753"]
[BlackElo "2738"]
[PlyCount "158"]

1. e4 c5 2. Nf3 d6 3. d4 cxd4 4. Nxd4 Nf6 5. Nc3 e6 6. g4 h6 7. h3 Nc6 8. Be3
Be7 9. Bg2 Bd7 10. f4 a6 11. Qe2 e5 12. Nf5 Bxf5 13. exf5 exf4 14. Bxf4 d5 15.
O-O-O d4 16. Qc4 O-O 17. Bxc6 bxc6 18. Rxd4 Qb6 19. Bd6 Rfd8 20. Na4 Qa7 21. Be5
Nd5 22. Kb1 Qb7 23. Re1 Bh4 24. Ree4 Qb5 25. b3 Re8 26. Nc5 Bf2 27. a4 Qb6 28.
Nd7 Qa7 29. Nc5 Bxd4 30. Bxd4 Rxe4 31. Nxe4 Qd7 32. Nc5 Qd6 33. Nxa6 Re8 34. Kb2
Nf4 35. Nc5 Ne2 36. Bc3 Qd1 37. Nd3 Nxc3 38. Qxc3 Qh1 39. a5 Qxh3 40. Qxc6 Rf8
41. Qe4 Qh2 42. b4 Qc7 43. Nc5 Qd6 44. Kb3 Rb8 45. Qc4 Qg3+ 46. c3 Qe1 47. Qd4
Qb1+ 48. Ka3 Qa1+ 49. Kb3 Qxa5 50. Nd7 Rb7 51. Qe4 Qa8 52. Nc5 Rb8 53. Qxa8 Rxa8
54. b5 Kf8 55. b6 Ke7 56. Kb4 g6 57. fxg6 fxg6 58. Kb5 h5 59. gxh5 gxh5 60. b7
Rh8 61. Kb6 h4 62. Kc7 h3 63. Ne4 h2 64. Nf2 Ke6 65. c4 Ke5 66. c5 Kd5 67. Kb6
Rh6+ 68. Kb5 Rh3 69. Kb6 Rb3+ 70. Kc7 Kxc5 71. b8=Q Rxb8 72. Kxb8 Kd4 73. Kc7
Kc3 74. Kd6 Kd2 75. Ke5 Ke2 76. Nh1 Kf3 77. Kd4 Kg2 78. Ke3 Kxh1 79. Kf2 1/2-1/2

[Event "World Blitz Championship"]
[Site "St Petersburg RUS"]
[Date "2018.12.30"]
[EventDate "2018.12.29"]
[Round "19.2"]
[Result "1-0"]
[White "Jan-Krzysztof Duda"]
[Black "Anish Giri"]
[WhiteElo "2738"]
[BlackElo "2783"]
[PlyCount "110"]

1. d4 d5 2. Bf4 Nf6 3. e3 e6 4. Nd2 Bd6 5. Bg3 O-O 6. Ngf3 b6 7. c3 c5 8. Bd3
Ba6 9. Bxa6 Nxa6 10. O-O Bxg3 11. hxg3 Qc7 12. Qe2 Nb8 13. e4 dxe4 14. Nxe4 Nbd7
15. Rad1 Rad8 16. Rfe1 Nxe4 17. Qxe4 Nf6 18. Qe2 cxd4 19. Nxd4 Qb7 20. Qf3 Qxf3
21. gxf3 Rd7 22. Nc6 Rc7 23. Ne5 h5 24. Rd4 g6 25. c4 Rfc8 26. b4 Kg7 27. Kg2
Ng8 28. Red1 Ne7 29. Rd7 g5 30. R1d4 Kf6 31. Rxc7 Rxc7 32. Rd7 Rxd7 33. Nxd7+
Kf5 34. b5 e5 35. c5 Nd5 36. a4 Ke6 37. c6 Kd6 38. Kf1 Nc3 39. Nxe5 f6 40. Nc4+
Kc7 41. Nb2 Kd6 42. Ke1 h4 43. Kf1 Nd5 44. Nd3 Nc3 45. Nb2 Nd5 46. Kg2 Kc7 47.
Kh3 f5 48. gxh4 Nf4+ 49. Kg3 Ne2+ 50. Kh2 gxh4 51. Kh3 Ng1+ 52. Kxh4 Nxf3+ 53.
Kg3 Nd4 54. Kf4 Kd6 55. Nc4+ Kc5 1-0

[Event "World Blitz Championship"]
[Site "St Petersburg RUS"]
[Date "2018.12.30"]
[EventDate "2018.12.29"]
[Round "20.2"]
[Result "0-1"]
[White "Aleksandar Indjic"]
[Black "Jan-Krzysztof Duda"]
[WhiteElo "2620"]
[BlackElo "2738"]
[PlyCount "42"]

1. d4 Nf6 2. c4 b6 3. f3 Nc6 4. e4 e5 5. dxe5 Nxe5 6. Nc3 Bc5 7. a3 a5 8. Bf4 d6
9. Bg5 h6 10. Bh4 Ng6 11. Bg3 Nh5 12. Qd2 O-O 13. O-O-O Nxg3 14. hxg3 Ne5 15.
Nh3 Be6 16. g4 Bxc4 17. g5 hxg5 18. Nxg5 Bxf1 19. Qf4 Qf6 20. Nd5 Qxf4+ 21. Nxf4
Be3+ 0-1

[Event "Bundesliga 2018/19"]
[Site "?"]
[Date "2019.03.24"]
[EventDate "2019.??.??"]
[Round "13.1"]
[Result "1/2-1/2"]
[White "Peter Leko"]
[Black "Jan-Krzysztof Duda"]
[WhiteElo "2660"]
[BlackElo "2731"]
[PlyCount "88"]

1. d4 Nf6 2. c4 e6 3. Nf3 d5 4. Nc3 c6 5. e3 Nbd7 6. Qc2 Bd6
7. Bd3 O-O 8. O-O e5 9. cxd5 cxd5 10. e4 exd4 11. Nxd5 Nxd5
12. exd5 h6 13. Nxd4 Qh4 14. Nf3 Qh5 15. Bh7+ Kh8 16. Qf5 Qxf5
17. Bxf5 Nf6 18. Bd3 Nxd5 19. Rd1 Bc5 20. Bc4 Nb6 21. Bb3 Kg8
22. Bf4 Be6 23. Bxe6 fxe6 24. Bg3 Rac8 25. Re1 Rfe8 26. Re2
Be7 27. Kf1 Bf6 28. Rae1 Na4 29. Be5 Nc5 30. Re3 Red8 31. Rc1
Bxe5 32. Nxe5 Na4 33. Rxc8 Rxc8 34. Nd3 Nc5 35. Ne5 Na4
36. Nd3 Nc5 37. Ke2 Nxd3 38. Kxd3 Kf7 39. Re4 Ke7 40. Rc4 Rf8
41. Ke3 Kd6 42. Rd4+ Ke7 43. Rc4 Kd6 44. Rd4+ Ke7 1/2-1/2

[Event "FIDE Grand Prix Moscow"]
[Site "Moscow RUS"]
[Date "2019.05.19"]
[EventDate "2019.05.17"]
[Round "1.4"]
[Result "1/2-1/2"]
[White "Jan-Krzysztof Duda"]
[Black "Wesley So"]
[WhiteElo "2728"]
[BlackElo "2754"]
[PlyCount "144"]

1. e4 e5 2. Nf3 Nc6 3. Bc4 Bc5 4. c3 Nf6 5. d3 O-O 6. a4 d5
7. exd5 Nxd5 8. a5 a6 9. Nbd2 f6 10. Ne4 Ba7 11. Qb3 Ne7
12. O-O Kh8 13. h3 b5 14. axb6 cxb6 15. d4 exd4 16. Nxd4 b5
17. Bd3 b4 18. Rd1 bxc3 19. bxc3 Rb8 20. Qa3 Bxd4 21. cxd4 Nc6
22. Bc4 Ncb4 23. Qg3 Rb6 24. Nc5 Qd6 25. Qf3 Rd8 26. Bb3 Be6
27. Re1 Bg8 28. Re4 a5 29. Bd2 Nc6 30. Bxa5 Ra8 31. Bc3 Rab8
32. Bc2 Ndb4 33. Ba4 Bd5 34. Qf4 Qxf4 35. Rxf4 Ra8 36. Re1 h6
37. Rg4 Na2 38. Bd2 Rb2 39. Bxh6 gxh6 40. Bxc6 Bxc6 41. Re6 h5
42. Rg3 Nc1 43. Rxc6 Ne2+ 44. Kh2 Nxg3 45. Kxg3 h4+ 46. Kxh4
Rxf2 47. g4 Kg7 48. Kg3 Rd2 49. Rxf6 Ra3+ 50. Rf3 Rxf3+
51. Kxf3 Kf7 52. Kf4 Rxd4+ 53. Ne4 Ke6 54. Ke3 Rd1 55. h4 Ke5
56. Ng5 Re1+ 57. Kf3 Ra1 58. Nf7+ Kf6 59. Nd6 Ke5 60. Nc4+ Kd4
61. Nd6 Ke5 62. Nf7+ Kf6 63. Nd6 Ke5 64. Nc4+ Kd4 65. Nd2 Ke5
66. g5 Kf5 67. Nc4 Kg6 68. Ne3 Ra3 69. Kf4 Ra4+ 70. Kg3 Ra3
71. Kf4 Ra4+ 72. Kg3 Ra3 1/2-1/2

[Event "European Team Championship"]
[Site "Batumi GEO"]
[Date "2019.10.26"]
[EventDate "2019.10.24"]
[Round "3.7"]
[Result "1/2-1/2"]
[White "Dragan Solak"]
[Black "Jan-Krzysztof Duda"]
[WhiteElo "2602"]
[BlackElo "2734"]
[PlyCount "49"]

1. e4 c5 2. Nf3 d6 3. Bb5+ Nd7 4. d4 Nf6 5. Nc3 cxd4 6. Qxd4
g6 7. e5 dxe5 8. Nxe5 Bg7 9. Bg5 a6 10. Bxf6 Bxf6 11. Bxd7+
Qxd7 12. Nd5 Qd6 13. Nxf6+ Qxf6 14. O-O-O Be6 15. Rhe1 Rc8
16. Nf3 Qxd4 17. Nxd4 Bg4 18. f3 Bd7 19. b3 f6 20. Ne6 Rc6
21. Ng7+ Kd8 22. Ne6+ Ke8 23. Ng7+ Kd8 24. Ne6+ Ke8 25. Ng7+
1/2-1/2

[Event "European Team Championship"]
[Site "Batumi GEO"]
[Date "2019.10.31"]
[EventDate "2019.10.24"]
[Round "7.8"]
[Result "1/2-1/2"]
[White "Kaido Kulaots"]
[Black "Jan-Krzysztof Duda"]
[WhiteElo "2542"]
[BlackElo "2734"]
[PlyCount "113"]

1. e4 d6 2. d4 Nf6 3. Nc3 g6 4. Nf3 Bg7 5. Be2 O-O 6. O-O a6
7. a4 b6 8. Re1 Bb7 9. e5 dxe5 10. Nxe5 Ra7 11. Bf4 Nc6
12. Nxc6 Bxc6 13. Be5 Qa8 14. Bf1 Rd8 15. Qe2 Rd7 16. h3 Qd8
17. a5 b5 18. Na2 e6 19. Nb4 Bd5 20. Qe3 Qc8 21. b3 Ra8 22. c4
bxc4 23. bxc4 Bb7 24. Rab1 Ne8 25. c5 c6 26. Bxg7 Nxg7 27. g4
Qc7 28. Nd3 Rad8 29. Rb4 f6 30. Reb1 Bc8 31. Qf3 Rf8 32. Qe4
Qxa5 33. Qxc6 Qc7 34. Qxc7 Rxc7 35. f4 Kf7 36. Kf2 Bd7 37. Rb7
Rfc8 38. R1b6 Ne8 39. Bg2 Bb5 40. Nb4 Rxb7 41. Bxb7 Rd8
42. Nxa6 Bxa6 43. Bxa6 Rxd4 44. Rb7+ Kf8 45. Ke3 Rd5 46. Bb5
Rxc5 47. Rb8 Rc3+ 48. Kd4 Rxh3 49. Rxe8+ Kf7 50. Ra8 Rh4
51. Ra7+ Kf8 52. Bd7 Rxg4 53. Bxe6 Rxf4+ 54. Kc5 h5 55. Bd5 g5
56. Rf7+ Kg8 57. Rxf6+ 1/2-1/2

[Event "World Rapid Championship"]
[Site "Moscow RUS"]
[Date "2019.12.26"]
[EventDate "2019.12.26"]
[Round "1.13"]
[Result "1-0"]
[White "Jan-Krzysztof Duda"]
[Black "Maxim Vavulin"]
[WhiteElo "2758"]
[BlackElo "2556"]
[PlyCount "108"]

1. c4 e5 2. Nc3 Nc6 3. g3 Bc5 4. Bg2 Nge7 5. e3 d6 6. Nge2 Bf5 7. a3 a5 8. O-O
Qd7 9. d4 Bb6 10. Nd5 Nxd5 11. cxd5 Ne7 12. e4 Bg4 13. dxe5 dxe5 14. Qd3 O-O 15.
Be3 Bxe3 16. Qxe3 f5 17. f3 Bh5 18. Bh3 Qd6 19. Bxf5 Nxf5 20. exf5 Qxd5 21. Rac1
Qd7 22. g4 Bf7 23. Rfd1 Qe7 24. Qc5 Qg5 25. Qxe5 Rfe8 26. Qf4 Qf6 27. Rd2 c6 28.
Nc3 Rad8 29. Rcd1 Rxd2 30. Rxd2 Qe7 31. Kg2 Qc5 32. f6 g5 33. Ne4 gxf4 34. Nxc5
Bd5 35. Nd3 Rd8 36. Ne5 Rd6 37. g5 h6 38. h4 hxg5 39. hxg5 Re6 40. Ng6 Kf7 41.
Nxf4 Re5 42. Nh3 Be6 43. f4 Re3 44. Nf2 Bf5 45. Nd1 Be4+ 46. Kh2 Rf3 47. Rd7+
Kg6 48. Nc3 Bc2 49. Ne2 Rf2+ 50. Kg3 Rxe2 51. Rg7+ Kh5 52. f7 Be4 53. f8=Q Rg2+
54. Kh3 1-0

[Event "World Rapid Championship"]
[Site "Moscow RUS"]
[Date "2019.12.26"]
[EventDate "2019.12.26"]
[Round "2.9"]
[Result "1/2-1/2"]
[White "Semen Khanin"]
[Black "Jan-Krzysztof Duda"]
[WhiteElo "2500"]
[BlackElo "2758"]
[PlyCount "80"]

1. e4 g6 2. d4 d6 3. Nf3 Bg7 4. Be3 Nf6 5. Nc3 c6 6. Qd2 O-O 7. Bh6 b5 8. Bd3
Bg4 9. h4 Bxf3 10. gxf3 e5 11. O-O-O exd4 12. Ne2 c5 13. h5 Nbd7 14. hxg6 fxg6
15. Bxg7 Kxg7 16. Qh6+ Kg8 17. Nf4 Ne5 18. Ne6 Qd7 19. Nxf8 Rxf8 20. Be2 d5 21.
Qg5 Qd6 22. f4 Nf7 23. Qh4 dxe4 24. Bxb5 Qe6 25. Bd7 Qxd7 26. Qxf6 Nd6 27. Rxh7
Qxh7 28. Qxd6 Qf7 29. Kb1 e3 30. fxe3 dxe3 31. Rg1 Kg7 32. Qe5+ Qf6 33. Qxe3
Qxf4 34. Qd3 Rf6 35. a3 Qd4 36. Qg3 Rb6 37. Qc7+ Kg8 38. Qc8+ Kg7 39. Qc7+ Kg8
40. Qc8+ Kg7 1/2-1/2

[Event "World Rapid Championship"]
[Site "Moscow RUS"]
[Date "2019.12.26"]
[EventDate "2019.12.26"]
[Round "3.20"]
[Result "1-0"]
[White "Jan-Krzysztof Duda"]
[Black "Alexey Sarana"]
[WhiteElo "2758"]
[BlackElo "2663"]
[PlyCount "110"]

1. c4 Nf6 2. Nc3 e5 3. Nf3 Nc6 4. e3 Bb4 5. Qc2 Bxc3 6. Qxc3 Qe7 7. d4 exd4 8.
Nxd4 Ne4 9. Qd3 O-O 10. Be2 Nxd4 11. Qxd4 b6 12. O-O Bb7 13. b3 d6 14. Bb2 f5
15. f3 Nc5 16. Rfe1 a5 17. Bd1 Rae8 18. a3 Qg5 19. b4 Ne6 20. Qd2 Kh8 21. bxa5
f4 22. e4 bxa5 23. Rb1 Ba6 24. Qd5 Qg6 25. Bc3 Nc5 26. Bxa5 Re5 27. Qd2 Bxc4 28.
Bxc7 Nd3 29. Be2 Nxe1 30. Rxe1 Bxe2 31. Qxd6 Ree8 32. Qxg6 hxg6 33. Rxe2 Rf6 34.
h4 Kh7 35. Rd2 Ra8 36. Be5 Re6 37. Bxf4 Rxa3 38. Kh2 Re7 39. Bd6 Rd7 40. Kg3 Ra6
41. e5 Kg8 42. Kg4 Kf7 43. Kg5 Ra5 44. f4 Rb5 45. h5 gxh5 46. Kxh5 Ke6 47. Kg6
Rf7 48. Rf2 Ra7 49. g4 Rb3 50. f5+ Kd5 51. Rd2+ Kc6 52. Bf8 Rbb7 53. e6 Ra4 54.
g5 Rf4 55. Bxg7 1-0

[Event "World Rapid Championship"]
[Site "Moscow RUS"]
[Date "2019.12.26"]
[EventDate "2019.12.26"]
[Round "4.10"]
[Result "1-0"]
[White "Jan-Krzysztof Duda"]
[Black "Mikhail Al Antipov"]
[WhiteElo "2758"]
[BlackElo "2549"]
[PlyCount "78"]

1. c4 g6 2. d4 Bg7 3. e4 c5 4. d5 d6 5. Nc3 Bxc3+ 6. bxc3 e5 7. dxe6 Bxe6 8. Nf3
Nc6 9. Be2 Nf6 10. Qc2 Nd7 11. O-O Nb6 12. Bf4 Qe7 13. Qb3 f6 14. a4 Rb8 15. a5
Nd7 16. Rfd1 Nde5 17. Nd4 cxd4 18. cxd4 O-O 19. d5 Bf7 20. dxc6 bxc6 21. Qc3 c5
22. Rd2 Rb4 23. Rad1 Rd8 24. h4 Nxc4 25. Bxc4 Rxc4 26. Qg3 Qxe4 27. Bxd6 Rd4 28.
Rxd4 cxd4 29. h5 Kg7 30. Bf4 Be6 31. f3 Qf5 32. Re1 g5 33. Bd2 Rd7 34. Qb8 g4
35. Bb4 Kh6 36. Qf8+ Kxh5 37. Re4 gxf3 38. g4+ Qxg4+ 39. Rxg4 1-0